GEORG KNEPLER: MUSIKGESCHICHTE DES 19. JAHRHUNDERTS

Bibliographic Details
Main Author: lv (Author)
Format: Article
Language:Slovak

MARC

LEADER 00000nab a2200000uu 4500
001 vtls010883450
003 SK-MaSNL
005 20260303145056.0
008 230222|1961 xo |||||||||||||||||slo|
015 |a SNBRB 
035 |a (urnnbn)urn:nbn:sk:snk:ar-0025hp 
035 |a (uuid)2c9e3548-a8f0-4c8d-bb7c-eeb930878891 
035 |a urn:nbn:sk:snk-ab8ez5 
040 |a SNKBUCL  |b slo  |c SNKBUCL  |e AACR2 
041 0 |a slo 
044 |a xo  |c SK 
100 1 |a lv  |4 aut  |9 879946 
245 1 0 |a GEORG KNEPLER: MUSIKGESCHICHTE DES 19. JAHRHUNDERTS  |c Lv 
773 0 |t Slovenská hudba : revue pre hudobnú kultúru  |g Roč. 5, č. 7-8 (1961), s. 359-360 
954 |a odborná, vedecká literatúra pôvodná (slovenská)  |2 lita 
958 |a OND 
958 |a EUIPO 
958 |a article10 
999 |c 2000260  |d 2002190